| 000 | 01076nam a22002777a 4500 | ||
|---|---|---|---|
| 005 | 20090828144459.0 | ||
| 008 | 090828t xxu||||| |||| 00| 0 eng d | ||
| 010 | _aENG-94954 | ||
| 020 |
_a8178242435 _c325.00 |
||
| 020 |
_a9788178242439 _c325.00 |
||
| 035 | _aEN-78487 | ||
| 037 | _bDBAD / PUB | ||
| 040 |
_adpl _bEnglish |
||
| 082 | _a993.007202 | ||
| 100 |
_aMcLeod, W.H. _q(William Hewat) _d1932- |
||
| 245 |
_aDiscovering the sikhs: _bautobiography of historian / _cby W.H. McLeod |
||
| 260 |
_aRanikhet _bPermanent Black _c2008 |
||
| 270 |
_aHimalayana, Mall Road, Ranikhet Cant., _bRanikhet _e263645 |
||
| 300 |
_axii, 245p. _c23(pbk) |
||
| 500 | _aIncludes glossary and index | ||
| 600 |
_aMcleod, W.H. (William Hewat) _d1932- |
||
| 650 |
_aHistorians _zNew Zealand _vBiography |
||
| 650 |
_aSikhs _zIndia _xHistory. |
||
| 942 |
_2ddc _cEN _mMCL _h993.007202 |
||
| 999 |
_c29753 _d29753 |
||